Ética de la guerra: Evolución histórica y debates actuales.

Gardado en:
Detalles Bibliográficos
Autor Principal: Bonete Perales, Enrique (autor)
Formato: Unknown
Publicado: Madrid, España: Técnos, 2024.
Subjects:
Tags: Engadir etiqueta
Sen Etiquetas, Sexa o primeiro en etiquetar este rexistro!

MARC

LEADER 00000 a2200000 4500
003 CL-VaPUC
005 20250509152927.0
008 250505t2024 ||||| |||| 00| 0 spa d
999 |c 449039  |d 449037 
020 |a 978-84-309-9186-0 
040 |c Pontificia Universidad Católica de Valparaíso 
082 |a 172.42 BON 2024 
100 |a Bonete Perales, Enrique  |9 901994  |e autor 
245 |a Ética de la guerra:  |b Evolución histórica y debates actuales. 
260 |a Madrid, España:  |b Técnos,  |c 2024. 
300 |a 277 páginas. 
583 |k GC  |c 20250505 
650 0 |9 872056  |a Guerra   |x Aspectos éticos y morales  |x Historia 
650 0 |9 255799  |a Etica política  
942 |2 ddc  |c BK 
952 |0 0  |1 0  |2 ddc  |4 0  |6 172_420000000000000_BON_2024  |7 0  |8 A  |9 602886  |a BIBTEO  |b BIBTEO  |d 2025-05-05  |e 1  |g 40969.00  |i 5667333  |o 172.42 BON 2024  |p 5667333  |r 2025-05-05  |t 2  |v 40969.00  |w 2025-05-05  |y BK  |k ICR 
952 |0 0  |1 0  |2 ddc  |4 0  |6 172_420000000000000_BON_2024  |7 0  |8 A  |9 602887  |a BIBTEO  |b BIBTEO  |d 2025-05-05  |e 1  |g 40969.00  |i 5667334  |o 172.42 BON 2024  |p 5667334  |r 2025-05-05  |t 1  |v 40969.00  |w 2025-05-05  |y BK  |k ICR